Nyelvtani kézikönyv. 2. füz. A népiskola 3. osztályú növendékei számára. Mintolvasmányi alapon

Bibliographic Details
Main Author: Belicza, József (Author)
Format: Book
Language:Hungarian
PhysicalDescription:69, [2] s. 8°
Published: Budapest Lampel Róbert 1881

MARC

LEADER 00000nam a2200000 a 4500
001 vtls001261277
003 SK-MaSNL
005 20260301234508.0
008 240314s1881 HU 0 hun
035 |a SNK000212142 
040 |a SNK  |b slo  |c SNK  |e AACR2 
041 0 |a hun 
044 |a HU 
100 1 |a Belicza, József  |4 aut  |9 454491 
245 1 0 |a Nyelvtani kézikönyv.  |n 2. füz.  |p A népiskola 3. osztályú növendékei számára. Mintolvasmányi alapon  |c József Belicza 
260 |a Budapest  |b Lampel Róbert  |c 1881 
300 |a 69, [2] s.  |c 8° 
958 |a RK 
999 |c 970283  |d 972213 
952 |t P60, <03>, [BOOK], {603}  |a SNK  |b SNK  |y PREZ  |7 0  |p 17A0300231  |o snkSD 10044/2  |i snkF 191/69  |0 0  |1 0  |4 0  |d 1996-08-07  |l 0  |r 2025-11-24 00:00:00  |w 2026-02-24